| 000 | 01168cam a22003375i 4500 | ||
|---|---|---|---|
| 999 |
_c15614 _d15614 |
||
| 001 | 11782100 | ||
| 003 | EG-ScBUE | ||
| 005 | 20210111134933.0 | ||
| 008 | 990826s2009 nyu g 000 f eng d | ||
| 020 | _a0143114697 | ||
| 020 | _a9780143114697 | ||
| 040 |
_aDLC _beng _erda _cDLC _dDLC _dEG-ScBUE |
||
| 043 | _an-us-me | ||
| 082 | 0 | 4 |
_a813.54 _bGIL _222 |
| 100 | 1 |
_aGilbert, Elizabeth, _d1969- _eauthor. |
|
| 245 | 1 | 0 |
_aStern men / _cElizabeth Gilbert. |
| 264 | 1 |
_aNew York : _bPenguin Books, _c2009. |
|
| 300 |
_a289 pages ; _c24 cm |
||
| 336 |
_atext _btxt _2rdacontent |
||
| 337 |
_aunmediated _bn _2rdamedia |
||
| 338 |
_avolume _bnc _2rdacarrier |
||
| 650 | 7 |
_aTeenage girls _vFiction. _2BUEsh _924512 |
|
| 650 | 7 |
_aLobster fishers _vFiction. _2BUEsh _924513 |
|
| 650 | 7 |
_aLobster fisheries _vFiction. _2BUEsh _924514 |
|
| 650 | 7 |
_aIslands _vFiction _2BUEsh _924515 |
|
| 651 | 7 |
_aMaine _vFiction. _2BUEsh _924516 |
|
| 653 |
_bHHUUEENN _cJune2011 |
||
| 942 |
_2ddc _cBB |
||